000 00801nam a2200265Ia 4500
003 OSt
005 20220918163454.0
006 a|||||r|||| 00| 0
007 ta
008 220917b |||||||| |||| 00| 0 eng d
020 _a003077750X
024 _a250,360
037 _cTextual
040 _aARTS
_cARTS
_beng
041 _2eng
_aeng
082 _aY1773A:10T, L1
100 _aHostetler John A.
_913313
245 0 _aChildren in Amish society
_b Socialization and community education
260 _aNew York
_bHolt, Rinehart and Winston, Inc USA
_c1971
300 _axiv,119p.
_ccm.
650 _aSOCIOLOGY
700 _a Huntington Gertrude Enders
_913314
942 _hY1773A:10T, L1
_cTEXL
_2CC
999 _c119750
_d119750